000 00390 a2200169 4500
001 72186
020 _a851601858X
040 _cAnchieta - Colégio São Paulo
100 _aSteadman, Ralph
240 1 0 _aUrsinho, cadê você?
_lpor
245 1 0 _aUrsinho, cadê você?
300 _a[26p.]
362 0 _a1998
440 1 _aModerna
650 4 _aLiteratura infanto-juvenil
942 _cBK
999 _c72186
_d72186